000 01780nam a2200529 i 4500
001 4056
003 KOSZ 005
005 20200330124949.0
008 200127s1989 pl a f 000 0 pol
015 _aPB 1989/8893
020 _a8301088753
035 _a991002821729705066
035 _a(PL-WaBN)b10766972-48omnis_nlop
035 _ab10766972
035 _a(OCoLC)749627980
035 _a(PL)b0000001076697
035 _a(EXLNZ-48OMNIS_NETWORK)9910410810505606
040 _aWA N
_cWA N
_dKOSZ 005/RW
046 _k1989
080 _a338.5
080 _a69.003
080 _a(075.8)
100 1 _aPałaszewski, Tadeusz
_eAutor
245 1 0 _aKoszty i ceny w budowlanej działalności inwestycyjnej /
_cTadeusz Pałaszewski.
260 _aWarszawa :
_bPaństwowe Wydawnictwo Naukowe,
_c1989.
300 _a285, [3] stron :
_bmapy, plany, rysunki, wykresy ;
_c24 cm.
336 _aTekst
_btxt
_2rdacontent
337 _aBez urządzenia pośredniczącego
_bn
_2rdamedia
338 _aWolumin
_bnc
_2rdacarrier
380 _aKsiążki
380 _aPublikacje dydaktyczne
388 _a1901-2000
504 _aBibliografia na stronach 281-[282].
521 8 _aPodręcznik przeznaczony dla studentów budownictwa i architektury.
650 7 _aBudownictwo
_2DBN
650 7 _aEkonomika
650 7 _aInwestycje
650 7 _aKoszty
650 7 _aCeny
655 7 _aPodręczniki akademickie
_2DBN
658 _aArchitektura i budownictwo
658 _aGospodarka, ekonomia, finanse
710 2 _aPaństwowe Wydawnictwo Naukowe
_4pbl
856 _uhttp://koha.tu.koszalin.pl/cgi-bin/koha/opac-detail.pl?biblionumber=4056
_yKatalog online BPK
942 _2UKD
_cKS
999 _c4056
_d4056